000 00888nam a2200253 a 4500
001 911
003 BR-CuiBMT
005 20231122225626.0
008 231122s2019 spba 000 0 por d
020 _a9788553219896
040 _aBR-CuiBMT
_cBR-CuiBMT
080 _22007
_a351.94:336.148
090 _a351.94:336.148
_bG432g
100 1 _aGiamundo Neto, Giuseppe
245 3 _aAs garantias do processo no Tribunal de Contas da União :
_bprincípios constitucionais, código de processo civil/2015 e a Lei de Introdução às Normas do Direito Brasileiro - LINDB /
_cGiuseppe Giamundo Neto.
260 _aSão Paulo :
_bRevista dos Tribunais,
_c2019.
300 _a256 p.:
_c23 cm
504 _aInclui bibliografia.
650 _aProcesso administrativo
650 _aTribunais de contas
650 _aDireito administrativo
650 _aGarantia constitucional
942 _2udc
_cLV
999 _c911
_d911